[Event "Gibtelecom ChallWk1 5th"]
[Site "Gibraltar"]
[Date "2007.01.23"]
[Round "1.2"]
[White "Dunn, Andrew"]
[Black "Stokes, Ivan"]
[Result "1-0"]
[WhiteElo "2190"]
[BlackElo "2044"]
[PlyCount "95"]
[EventDate "2007.01.23"]
[EventType "swiss"]
[EventRounds "5"]
[EventCountry "GGB"]
[SourceTitle "BritBase"]
[Source "www.saund.co.uk"]
[SourceDate "2018.02.10"]
[SourceVersion "1"]
[SourceVersionDate "2018.02.10"]
[SourceQuality "1"]

1. d4 d6 2. Nf3 g6 3. e4 Bg7 4. c4 Bg4 5. Be2 Nf6 6. Nc3 O-O 7. Be3 Nfd7 8. Qd2
Re8 9. h3 Bxf3 10. Bxf3 c5 11. dxc5 dxc5 12. Rd1 Bxc3 13. Qxc3 Qc7 14. O-O e5
15. Rd5 b6 16. Rfd1 Nf8 17. b4 cxb4 18. Qxb4 Nc6 19. Qa4 Ne7 20. R5d2 Qc6 21.
Qb5 Qxb5 22. cxb5 Rac8 23. Bg4 f5 24. exf5 Nxf5 25. Bxf5 gxf5 26. Bh6 Ne6 27.
Rd7 Rcd8 28. R1d6 Rxd7 29. Rxd7 Nd4 30. a4 Re6 31. Be3 Ne2+ 32. Kf1 Nc3 33.
Rxa7 f4 34. Bd2 Nd5 35. Rd7 Nf6 36. Rd8+ Kf7 37. Bb4 h5 38. a5 bxa5 39. Bxa5 e4
40. b6 Re7 41. Ra8 Ke6 42. Ra7 Nd7 43. b7 f3 44. gxf3 exf3 45. Bc7 Kf5 46. b8=Q
Nxb8 47. Bxb8 Re4 48. Rf7+ 1-0

[Event "Gibtelecom ChallWk1 5th"]
[Site "Gibraltar"]
[Date "2007.01.23"]
[Round "1.3"]
[White "Hickman, John E"]
[Black "Osuna Vega, Enrique"]
[Result "0-1"]
[WhiteElo "2052"]
[BlackElo "2177"]
[PlyCount "66"]
[EventDate "2007.01.23"]
[EventType "swiss"]
[EventRounds "5"]
[EventCountry "GGB"]
[SourceTitle "BritBase"]
[Source "www.saund.co.uk"]
[SourceDate "2018.02.10"]
[SourceVersion "1"]
[SourceVersionDate "2018.02.10"]
[SourceQuality "1"]

1. e4 d6 2. d4 Nf6 3. Nc3 Nbd7 4. g4 h6 5. h3 e5 6. Nge2 b5 7. Bg2 b4 8. Nd5
Nxd5 9. exd5 Rb8 10. Be3 a6 11. O-O Be7 12. Qd2 Bg5 13. dxe5 dxe5 14. f4 exf4
15. Nxf4 O-O 16. Rad1 Ne5 17. Bc5 Re8 18. d6 Nc4 19. Qd4 Nxd6 20. Nd5 a5 21.
Qf2 Bb7 22. Nxc7 Qxc7 23. Bxd6 Qc4 24. Qf5 Bxg2 25. Kxg2 Rbd8 26. Rd5 Re2+ 27.
Rf2 Rxf2+ 28. Kxf2 Re8 29. Re5 Bh4+ 30. Kg2 Rxe5 31. Qxe5 Qxc2+ 32. Kf3 Qd3+
33. Qe3 Qxd6 0-1

[Event "Gibtelecom ChallWk1 5th"]
[Site "Gibraltar"]
[Date "2007.01.23"]
[Round "1.4"]
[White "Farrand, Julian"]
[Black "Pettersen, Joar Gullestad"]
[Result "1-0"]
[WhiteElo "2164"]
[BlackElo "2032"]
[PlyCount "61"]
[EventDate "2007.01.23"]
[EventType "swiss"]
[EventRounds "5"]
[EventCountry "GGB"]
[SourceTitle "BritBase"]
[Source "www.saund.co.uk"]
[SourceDate "2018.02.10"]
[SourceVersion "1"]
[SourceVersionDate "2018.02.10"]
[SourceQuality "1"]

1. d4 Nf6 2. Nc3 g6 3. e4 d6 4. Bg5 Bg7 5. e5 Nfd7 6. exd6 cxd6 7. Qd2 Nf6 8.
Bh6 O-O 9. h4 e5 10. Bxg7 Kxg7 11. O-O-O Nc6 12. d5 Nd4 13. Nge2 Nf5 14. h5 Qb6
15. hxg6 fxg6 16. Ng3 Nxg3 17. Qh6+ Kg8 18. fxg3 Rf7 19. Be2 Qc7 20. Rdf1 Bf5
21. Qh4 Rc8 22. Bf3 a6 23. g4 Bd7 24. g5 Ne8 25. Bd1 Rxf1 26. Qxh7+ Kf8 27.
Rxf1+ Bf5 28. Qxg6 Ng7 29. g4 Qf7 30. Qxf7+ Kxf7 31. gxf5 1-0

[Event "Gibtelecom ChallWk1 5th"]
[Site "Gibraltar"]
[Date "2007.01.23"]
[Round "1.5"]
[White "Dimitrijevic, Dragan"]
[Black "Andreassen, Lars"]
[Result "0-1"]
[WhiteElo "2037"]
[BlackElo "2160"]
[PlyCount "106"]
[EventDate "2007.01.23"]
[EventType "swiss"]
[EventRounds "5"]
[EventCountry "GGB"]
[SourceTitle "BritBase"]
[Source "www.saund.co.uk"]
[SourceDate "2018.02.10"]
[SourceVersion "1"]
[SourceVersionDate "2018.02.10"]
[SourceQuality "1"]

1. Nf3 Nf6 2. c4 e6 3. g3 b6 4. Bg2 Bb7 5. O-O Be7 6. b3 O-O 7. Bb2 c5 8. e3 d5
9. Nc3 dxc4 10. bxc4 Nc6 11. Qe2 Rc8 12. Rfd1 Qc7 13. Rac1 Rfd8 14. d3 Rd7 15.
h4 h6 16. Ba1 Rcd8 17. a3 Qb8 18. Rb1 Qa8 19. Nb5 Kf8 20. Qb2 Na5 21. Qe2 Ne8
22. e4 Nc6 23. Ne5 Nxe5 24. Bxe5 Bf6 25. Bxf6 Nxf6 26. g4 g6 27. Bh3 Bc6 28.
Qe3 Bxb5 29. cxb5 h5 30. g5 Ng4 31. Qg3 Qb8 32. Qxb8 Rxb8 33. Bxg4 hxg4 34. Kg2
Rbd8 35. Rb3 c4 36. Rc3 cxd3 37. Kg3 d2 38. Kxg4 Rd3 39. Rxd3 Rxd3 40. a4 Ke7
41. f3 Kd6 42. Kg3 Ke5 43. Kg4 Kd4 44. h5 gxh5+ 45. Kxh5 Kc3 46. f4 Kc2 47. Rg1
d1=Q+ 48. Rxd1 Rxd1 49. f5 exf5 50. exf5 Kb3 51. Kh6 Rg1 52. f6 Kxa4 53. Kg7
Rxg5+ 0-1

[Event "Gibtelecom ChallWk1 5th"]
[Site "Gibraltar"]
[Date "2007.01.23"]
[Round "1.6"]
[White "Soraas, Torben"]
[Black "Heinzer, Ralf"]
[Result "1-0"]
[WhiteElo "2155"]
[BlackElo "1992"]
[PlyCount "53"]
[EventDate "2007.01.23"]
[EventType "swiss"]
[EventRounds "5"]
[EventCountry "GGB"]
[SourceTitle "BritBase"]
[Source "www.saund.co.uk"]
[SourceDate "2018.02.10"]
[SourceVersion "1"]
[SourceVersionDate "2018.02.10"]
[SourceQuality "1"]

1. e4 e6 2. d4 d5 3. Nd2 c5 4. exd5 exd5 5. Ngf3 Nf6 6. Bb5+ Bd7 7. Bxd7+ Nbxd7
8. O-O Be7 9. dxc5 Nxc5 10. Nb3 O-O 11. Nxc5 Bxc5 12. Bg5 Rc8 13. c3 Be7 14.
Qd4 Qa5 15. a3 Rc4 16. Qd3 Re4 17. Rad1 Rd8 18. Rd2 Qc7 19. Rfd1 a6 20. Bh4 Ng4
21. Bg3 Qb6 22. Nd4 Bc5 23. Nf3 Nf6 24. Be5 Re8 25. Bxf6 gxf6 26. b4 Qe6 27.
bxc5 1-0

[Event "Gibtelecom ChallWk1 5th"]
[Site "Gibraltar"]
[Date "2007.01.23"]
[Round "1.7"]
[White "Hamer, Martyn"]
[Black "Vea, Odin Blikra"]
[Result "0-1"]
[WhiteElo "1987"]
[BlackElo "2147"]
[PlyCount "70"]
[EventDate "2007.01.23"]
[EventType "swiss"]
[EventRounds "5"]
[EventCountry "GGB"]
[SourceTitle "BritBase"]
[Source "www.saund.co.uk"]
[SourceDate "2018.02.10"]
[SourceVersion "1"]
[SourceVersionDate "2018.02.10"]
[SourceQuality "1"]

1. e4 c5 2. Nf3 Nc6 3. d4 cxd4 4. Nxd4 Nf6 5. Nc3 e6 6. Be3 Bb4 7. Nxc6 bxc6 8.
Qd4 Qa5 9. Bd3 c5 10. Qc4 d5 11. exd5 exd5 12. Qb5+ Qxb5 13. Bxb5+ Bd7 14.
Bxd7+ Kxd7 15. O-O-O Bxc3 16. bxc3 Kc6 17. f3 Rab8 18. Rhe1 Nd7 19. Bf4 Rbe8
20. c4 d4 21. c3 Rxe1 22. Rxe1 Nb6 23. cxd4 cxd4 24. Re7 Nxc4 25. Rxf7 Re8 26.
Kd1 g5 27. Bxg5 Rb8 28. Rxa7 d3 29. Kc1 Rb2 30. Ra4 Rc2+ 31. Kb1 Kb5 32. Rxc4
Kxc4 33. h4 Rxg2 34. Kc1 Rxa2 35. f4 d2+ 0-1

[Event "Gibtelecom ChallWk1 5th"]
[Site "Gibraltar"]
[Date "2007.01.23"]
[Round "1.8"]
[White "Dekker, Alain"]
[Black "Strand, Haakon"]
[Result "1/2-1/2"]
[WhiteElo "2144"]
[BlackElo "2015"]
[PlyCount "37"]
[EventDate "2007.01.23"]
[EventType "swiss"]
[EventRounds "5"]
[EventCountry "GGB"]
[SourceTitle "BritBase"]
[Source "www.saund.co.uk"]
[SourceDate "2018.02.10"]
[SourceVersion "1"]
[SourceVersionDate "2018.02.10"]
[SourceQuality "1"]

1. e4 e5 2. f4 d5 3. exd5 exf4 4. Nf3 Nf6 5. Bc4 Nxd5 6. O-O Be7 7. Bb3 O-O 8.
c4 Nf6 9. d4 Bg4 10. Bxf4 Nc6 11. Be3 Na5 12. Nc3 c6 13. Bg5 Nxb3 14. axb3 Qb6
15. Na4 Qc7 16. Qc2 Qd7 17. Rad1 Qf5 18. Qc1 h6 19. Bxf6 1/2-1/2

[Event "Gibtelecom ChallWk1 5th"]
[Site "Gibraltar"]
[Date "2007.01.23"]
[Round "1.9"]
[White "Gravett, Alan D"]
[Black "Millward, Richard"]
[Result "0-1"]
[WhiteElo "1869"]
[BlackElo "2140"]
[PlyCount "33"]
[EventDate "2007.01.23"]
[EventType "swiss"]
[EventRounds "5"]
[EventCountry "GGB"]
[SourceTitle "BritBase"]
[Source "www.saund.co.uk"]
[SourceDate "2018.02.10"]
[SourceVersion "1"]
[SourceVersionDate "2018.02.10"]
[SourceQuality "1"]

1. g3 d5 2. Nf3 Nf6 3. Bg2 Nbd7 4. d4 e6 5. O-O c5 6. e3 Be7 7. b3 b6 8. Ne5
Qc7 9. Bb2 Bb7 10. Nd2 Nxe5 11. dxe5 Nd7 12. Qg4 g6 13. f4 h5 14. Qf3 O-O-O 15.
c4 g5 16. cxd5 Bxd5 17. Qe2 {White's mobile went off} 0-1

[Event "Gibtelecom ChallWk1 5th"]
[Site "Gibraltar"]
[Date "2007.01.23"]
[Round "1.10"]
[White "Kvisla, Johannes Luangtep"]
[Black "Schmidt, Raul"]
[Result "0-1"]
[WhiteElo "2134"]
[BlackElo "1979"]
[PlyCount "72"]
[EventDate "2007.01.23"]
[EventType "swiss"]
[EventRounds "5"]
[EventCountry "GGB"]
[SourceTitle "BritBase"]
[Source "www.saund.co.uk"]
[SourceDate "2018.02.10"]
[SourceVersion "1"]
[SourceVersionDate "2018.02.10"]
[SourceQuality "1"]

1. e4 d5 2. exd5 Qxd5 3. Nc3 Qd6 4. d4 c6 5. g3 Bf5 6. Bf4 Qd8 7. Bg2 e6 8. Nf3
Nf6 9. O-O Be7 10. a4 a5 11. Ne5 Nbd7 12. Qe2 O-O 13. Rad1 h6 14. Rfe1 Nb6 15.
Nd3 Nfd5 16. Nxd5 cxd5 17. Nc5 Qc8 18. g4 Bh7 19. Qb5 Nc4 20. Bxd5 exd5 21. Nd7
Bb4 22. c3 Rd8 23. Ne5 Nxe5 24. dxe5 Bc5 25. Bg3 Qc6 26. Qb3 Be4 27. Rc1 Ra6
28. Qa2 Qd7 29. h3 h5 30. Rcd1 Bf3 31. Rd3 hxg4 32. h4 Qf5 33. Rd2 Be4 34. Kh2
Qf3 35. Rg1 Rh6 36. Qa1 Rxh4+ 0-1

[Event "Gibtelecom ChallWk1 5th"]
[Site "Gibraltar"]
[Date "2007.01.23"]
[Round "1.11"]
[White "Jameson, David"]
[Black "Vickery, Jim"]
[Result "1/2-1/2"]
[WhiteElo "1972"]
[BlackElo "2132"]
[PlyCount "48"]
[EventDate "2007.01.23"]
[EventType "swiss"]
[EventRounds "5"]
[EventCountry "GGB"]
[SourceTitle "BritBase"]
[Source "www.saund.co.uk"]
[SourceDate "2018.02.10"]
[SourceVersion "1"]
[SourceVersionDate "2018.02.10"]
[SourceQuality "1"]

1. e4 Nf6 2. e5 Nd5 3. c4 Nb6 4. d4 d6 5. exd6 cxd6 6. Nc3 g6 7. Be3 Bg7 8. Nf3
O-O 9. Be2 Nc6 10. h3 Bf5 11. O-O d5 12. c5 Nc4 13. Bc1 b6 14. b3 bxc5 15. Nxd5
Qxd5 16. Bxc4 Qd6 17. g4 Bc8 18. d5 Bxa1 19. dxc6 Be6 20. Qxd6 exd6 21. Ba6 Bd5
22. Bf4 Bxf3 23. Rxa1 Bxc6 24. Bxd6 Rfd8 1/2-1/2

[Event "Gibtelecom ChallWk1 5th"]
[Site "Gibraltar"]
[Date "2007.01.23"]
[Round "1.12"]
[White "Nyland, Thomas"]
[Black "Mayers, Dan"]
[Result "1-0"]
[WhiteElo "2124"]
[BlackElo "1965"]
[PlyCount "117"]
[EventDate "2007.01.23"]
[EventType "swiss"]
[EventRounds "5"]
[EventCountry "GGB"]
[SourceTitle "BritBase"]
[Source "www.saund.co.uk"]
[SourceDate "2018.02.10"]
[SourceVersion "1"]
[SourceVersionDate "2018.02.10"]
[SourceQuality "1"]

1. d4 e6 2. e4 d5 3. exd5 exd5 4. Bd3 Bd6 5. Nf3 Ne7 6. O-O Bg4 7. c3 c6 8. Re1
Nd7 9. Nbd2 Qc7 10. h3 Bh5 11. Qc2 Bg6 12. a3 Nf6 13. b4 Bxd3 14. Qxd3 O-O 15.
Ne5 Rfe8 16. Ndf3 Ne4 17. c4 f6 18. Ng4 Ng6 19. c5 Bf4 20. Bxf4 Nxf4 21. Qc2
Re6 22. Re3 Rae8 23. Rae1 Qf7 24. Nd2 h5 25. Nxe4 dxe4 26. Nh2 f5 27. Rd1 Rg6
28. Rg3 Rxg3 29. fxg3 Nd3 30. Nf3 Qd5 31. Qe2 Rd8 32. Kh2 exf3 33. Qxd3 fxg2
34. Qe2 g6 35. Qxg2 Qxg2+ 36. Kxg2 Kf7 37. Kf3 Ke6 38. Kf4 Kf6 39. h4 Rd5 40.
a4 a6 41. Ke3 g5 42. b5 axb5 43. axb5 gxh4 44. gxh4 cxb5 45. Rb1 f4+ 46. Ke4
Rd7 47. Rxb5 f3 48. Rb3 Re7+ 49. Kxf3 Kf5 50. Re3 Rd7 51. Re5+ Kg6 52. Ke4 Rf7
53. Rg5+ Kh6 54. d5 Re7+ 55. Re5 Rg7 56. d6 Rg4+ 57. Kd5 Rxh4 58. d7 Rh1 59.
Kd6 1-0

[Event "Gibtelecom ChallWk1 5th"]
[Site "Gibraltar"]
[Date "2007.01.23"]
[Round "1.13"]
[White "Young, Melvyn"]
[Black "Vinas Guerrero, Carlos A"]
[Result "0-1"]
[WhiteElo "1717"]
[BlackElo "2124"]
[PlyCount "84"]
[EventDate "2007.01.23"]
[EventType "swiss"]
[EventRounds "5"]
[EventCountry "GGB"]
[SourceTitle "BritBase"]
[Source "www.saund.co.uk"]
[SourceDate "2018.02.10"]
[SourceVersion "1"]
[SourceVersionDate "2018.02.10"]
[SourceQuality "1"]

1. e4 c5 2. Nc3 d6 3. f4 Nc6 4. Nf3 g6 5. Bc4 Bg7 6. O-O e6 7. f5 Nge7 8. fxe6
Bxe6 9. Bxe6 fxe6 10. Ng5 Qd7 11. d3 Ne5 12. a4 N7c6 13. Be3 O-O-O 14. Qe2 h6
15. Nh3 g5 16. Nb5 a6 17. Na3 Nd4 18. Bxd4 cxd4 19. Nc4 Nxc4 20. dxc4 Rhf8 21.
Rxf8 Rxf8 22. Nf2 {(=)} Qc6 23. Qd3 h5 24. b3 Qc5 25. Rf1 Qe5 26. b4 g4 27. a5
Bh6 28. b5 Be3 29. bxa6 bxa6 30. c5 Qxc5 31. Qxa6+ Kd7 32. Qb7+ Qc7 33. Qb5+
Qc6 34. Qxc6+ Kxc6 35. g3 Kb5 36. Kg2 Bxf2 37. Rxf2 Rxf2+ 38. Kxf2 Kxa5 39. Ke2
Kb5 40. Kd3 Kc5 41. Ke2 Kc4 42. Kd2 e5 0-1

[Event "Gibtelecom ChallWk1 5th"]
[Site "Gibraltar"]
[Date "2007.01.23"]
[Round "1.14"]
[White "Agdestein, Emil"]
[Black "Helin, Mikael"]
[Result "1-0"]
[WhiteElo "2116"]
[BlackElo "1951"]
[PlyCount "69"]
[EventDate "2007.01.23"]
[EventType "swiss"]
[EventRounds "5"]
[EventCountry "GGB"]
[SourceTitle "BritBase"]
[Source "www.saund.co.uk"]
[SourceDate "2018.02.10"]
[SourceVersion "1"]
[SourceVersionDate "2018.02.10"]
[SourceQuality "1"]

1. e4 c5 2. a3 a6 3. c4 e6 4. Nc3 b6 5. g3 Ne7 6. Bg2 Bb7 7. Nge2 h5 8. h4 Ng6
9. d3 Nc6 10. f4 Be7 11. Be3 Qc7 12. Qd2 Na5 13. Rb1 Nc6 14. O-O Nxh4 15. gxh4
Bxh4 16. b4 Be7 17. bxc5 bxc5 18. e5 f5 19. Nd5 exd5 20. cxd5 d6 21. dxc6 Bxc6
22. Nc3 Rh6 23. Nd5 Bxd5 24. Bxd5 Rd8 25. e6 Rg6+ 26. Kf2 Bh4+ 27. Ke2 c4 28.
Bb6 Qc8 29. Bxd8 c3 30. Bxh4 Rf6 31. Bxf6 gxf6 32. Qc2 Qc5 33. Qa4+ Kf8 34.
Rb8+ Kg7 35. Qd7+ 1-0

[Event "Gibtelecom ChallWk1 5th"]
[Site "Gibraltar"]
[Date "2007.01.23"]
[Round "1.15"]
[White "Morris-Hill, Ray"]
[Black "Urbina Perez, Juan Antonio"]
[Result "0-1"]
[WhiteElo "1892"]
[BlackElo "2114"]
[PlyCount "80"]
[EventDate "2007.01.23"]
[EventType "swiss"]
[EventRounds "5"]
[EventCountry "GGB"]
[SourceTitle "BritBase"]
[Source "www.saund.co.uk"]
[SourceDate "2018.02.10"]
[SourceVersion "1"]
[SourceVersionDate "2018.02.10"]
[SourceQuality "1"]

1. d4 d5 2. Nf3 Nf6 3. e3 e6 4. Bd3 Nbd7 5. b3 c5 6. Bb2 Qc7 7. O-O Be7 8. Nbd2
b6 9. Ne5 Nxe5 10. dxe5 Nd7 11. f4 f5 12. c4 O-O 13. cxd5 exd5 14. Qc2 Nb8 15.
Rf3 Nc6 16. a3 Be6 17. Rg3 a5 18. Nf3 a4 19. bxa4 c4 20. Be2 Na5 21. Nd4 Qc8
22. Bf3 Bc5 23. Rd1 Bxd4 24. Rxd4 Qc6 25. Qc3 Rad8 26. Bd1 Nb7 27. Rg5 Nc5 28.
g4 Ne4 29. Rxe4 dxe4 30. Be2 g6 31. h4 fxg4 32. h5 Rf5 33. hxg6 Rxg5 34. gxh7+
Kxh7 35. fxg5 Qc5 36. Kg2 Kg6 37. Qc1 Kxg5 38. Bd4 Qc7 39. Qb1 Rf8 40. Qd1 Rf3
0-1

[Event "Gibtelecom ChallWk1 5th"]
[Site "Gibraltar"]
[Date "2007.01.23"]
[Round "1.16"]
[White "Beltran Medina, Jorge"]
[Black "Portman, Carl"]
[Result "1-0"]
[WhiteElo "2104"]
[BlackElo "1848"]
[PlyCount "91"]
[EventDate "2007.01.23"]
[EventType "swiss"]
[EventRounds "5"]
[EventCountry "GGB"]
[SourceTitle "BritBase"]
[Source "www.saund.co.uk"]
[SourceDate "2018.02.10"]
[SourceVersion "1"]
[SourceVersionDate "2018.02.10"]
[SourceQuality "1"]

1. d4 d5 2. c4 c6 3. Nf3 Nf6 4. g3 e6 5. Bg2 Bd6 6. O-O Nbd7 7. Nbd2 O-O 8. Qc2
Re8 9. Rd1 Qe7 10. e4 dxe4 11. Nxe4 Nxe4 12. Qxe4 f5 13. Qc2 h6 14. b3 Qf7 15.
Bb2 Nf8 16. Ne5 Bxe5 17. dxe5 Qc7 18. Rd6 Bd7 19. Rad1 Re7 20. Ba3 Rf7 21. Qd2
Kh7 22. h4 Rc8 23. c5 Qd8 24. Bc1 b6 25. Qe3 Qc7 26. Qd4 bxc5 27. Qxc5 Qb6 28.
Be3 Qxc5 29. Bxc5 Rc7 30. R6d4 Ng6 31. f4 Bc8 32. Bf1 Ne7 33. Bd6 Rd7 34. Bxe7
Rfxe7 35. Rxd7 Rxd7 36. Rxd7 Bxd7 37. b4 g5 38. Kf2 Kg6 39. Be2 gxh4 40. gxh4
Kf7 41. Ke3 Ke7 42. Kd4 Kd8 43. Kc5 Kc7 44. Bh5 Bc8 45. Be2 Kd7 46. Bf3 1-0

[Event "Gibtelecom ChallWk1 5th"]
[Site "Gibraltar"]
[Date "2007.01.23"]
[Round "1.17"]
[White "Ruiz Manrique, Joaquin"]
[Black "Straub, Peter"]
[Result "0-1"]
[WhiteElo "1950"]
[BlackElo "2096"]
[PlyCount "65"]
[EventDate "2007.01.23"]
[EventType "swiss"]
[EventRounds "5"]
[EventCountry "GGB"]
[SourceTitle "BritBase"]
[Source "www.saund.co.uk"]
[SourceDate "2018.02.10"]
[SourceVersion "1"]
[SourceVersionDate "2018.02.10"]
[SourceQuality "1"]

1. e4 c5 2. Nf3 e6 3. d4 cxd4 4. Nxd4 a6 5. Nc3 Qc7 6. a3 Nf6 7. Be2 Be7 8. Be3
b5 9. O-O Bb7 10. f3 O-O 11. Qe1 d5 12. exd5 Nxd5 13. Nxd5 Bxd5 14. c3 Nc6 15.
Qf2 Rac8 16. Rad1 Na5 17. f4 Nc4 18. Bc1 Bc5 19. Kh1 a5 20. Qh4 Be7 21. Qh3 b4
22. axb4 axb4 23. f5 e5 24. f6 exd4 25. Rxd4 Be6 26. Qh4 Bxf6 27. Rxf6 Qe5 28.
Rf2 bxc3 29. Re4 cxb2 30. Bxb2 Qxb2 31. Ref4 Qc3 32. h3 Ne5 33. Qh5 {remaining
moves illegible} 0-1

[Event "Gibtelecom ChallWk1 5th"]
[Site "Gibraltar"]
[Date "2007.01.23"]
[Round "1.18"]
[White "Compton, Alistair"]
[Black "Galliano, Alex"]
[Result "1/2-1/2"]
[WhiteElo "2093"]
[BlackElo "1300"]
[PlyCount "62"]
[EventDate "2007.01.23"]
[EventType "swiss"]
[EventRounds "5"]
[EventCountry "GGB"]
[SourceTitle "BritBase"]
[Source "www.saund.co.uk"]
[SourceDate "2018.02.10"]
[SourceVersion "1"]
[SourceVersionDate "2018.02.10"]
[SourceQuality "1"]

1. e4 e5 2. Nf3 Nc6 3. Nc3 Nf6 4. Bb5 Bb4 5. O-O O-O 6. d3 d6 7. Bg5 Ne7 8. Nh4
c6 9. Ba4 Ng6 10. Nf5 h6 11. Bc1 Kh7 12. Ne2 d5 13. Nfg3 Be6 14. c3 Ba5 15. Qc2
Qe7 16. h3 Bb6 17. Kh2 Rad8 18. f4 exf4 19. Nxf4 Nxf4 20. Bxf4 Bc7 21. e5 Nd7
22. d4+ Kg8 23. Qd3 f5 24. Qf3 Kh7 25. Bc2 g6 26. Rae1 Rde8 27. Bd2 Qg7 28. Ne2
Nf6 29. Nf4 Ne4 30. Nxe6 Nxd2 31. Nxg7 Nxf3+ 1/2-1/2

[Event "Gibtelecom ChallWk1 5th"]
[Site "Gibraltar"]
[Date "2007.01.23"]
[Round "1.19"]
[White "Manetto, Luis"]
[Black "Schmidt, Jens Uwe"]
[Result "0-1"]
[WhiteElo "1568"]
[BlackElo "2092"]
[PlyCount "118"]
[EventDate "2007.01.23"]
[EventType "swiss"]
[EventRounds "5"]
[EventCountry "GGB"]
[SourceTitle "BritBase"]
[Source "www.saund.co.uk"]
[SourceDate "2018.02.10"]
[SourceVersion "1"]
[SourceVersionDate "2018.02.10"]
[SourceQuality "1"]

1. e4 c6 2. d4 d5 3. Nc3 dxe4 4. Nxe4 Bf5 5. Ng3 Bg6 6. h4 h6 7. Nf3 Nd7 8. h5
Bh7 9. Bd3 Bxd3 10. Qxd3 Qc7 11. Be3 e6 12. O-O-O Ngf6 13. Ne4 O-O-O 14. g3
Nxe4 15. Qxe4 Nf6 16. Qd3 Bd6 17. c4 c5 18. Kb1 Rd7 19. d5 exd5 20. cxd5 Kb8
21. Qc4 Re8 22. Rc1 Qa5 23. Bxc5 Bxc5 24. Qxc5 Qxc5 25. Rxc5 Rxd5 26. Rxd5 Nxd5
27. Rd1 Nf6 28. Re1 Rxe1+ 29. Nxe1 Nxh5 30. g4 Nf4 31. Kc2 Kc7 32. Kd2 Kd6 33.
Ke3 Ng6 34. f4 Ne7 35. Nd3 Nc6 36. Ke4 a5 37. a3 b6 38. b3 g6 39. Nb2 Ke6 40.
Nc4 f5+ 41. gxf5+ gxf5+ 42. Ke3 b5 43. Nd2 Kd5 44. Nf3 h5 45. Kd3 Kc5 46. Kc3
b4+ 47. axb4+ axb4+ 48. Kd3 Kd5 49. Ke3 Na5 50. Nd4 h4 51. Nxf5 h3 52. Ng3 Nxb3
53. f5 Ke5 54. Kd3 Na5 55. Kc2 Nc6 56. Kb3 h2 57. Kc4 Kf4 58. f6 Kxg3 59. f7
Ne5+ 0-1

[Event "Gibtelecom ChallWk1 5th"]
[Site "Gibraltar"]
[Date "2007.01.23"]
[Round "1.20"]
[White "Sharp, Dale"]
[Black "Garcia, Mario"]
[Result "1-0"]
[WhiteElo "2085"]
[BlackElo "1424"]
[PlyCount "49"]
[EventDate "2007.01.23"]
[EventType "swiss"]
[EventRounds "5"]
[EventCountry "GGB"]
[SourceTitle "BritBase"]
[Source "www.saund.co.uk"]
[SourceDate "2018.02.10"]
[SourceVersion "1"]
[SourceVersionDate "2018.02.10"]
[SourceQuality "1"]

1. e4 e5 2. f4 exf4 3. Nf3 d5 4. exd5 Nf6 5. Nc3 c6 6. d4 Bd6 7. Bc4 O-O 8. O-O
b5 9. Bb3 b4 10. Ne2 Qc7 11. dxc6 Nxc6 12. c4 Na5 13. c5 Be7 14. Bxf4 Qb7 15.
Bc2 Nd5 16. Qd3 g6 17. Bh6 Re8 18. Ne5 Be6 19. Qg3 Bf6 20. Rae1 Bg7 21. Bxg7
Kxg7 22. Nf4 Nxf4 23. Qxf4 Qe7 24. Ng4 f5 25. Qe5+ 1-0

[Event "Gibtelecom ChallWk1 5th"]
[Site "Gibraltar"]
[Date "2007.01.23"]
[Round "1.21"]
[White "Wright, Jonathan"]
[Black "Obers, Frits"]
[Result "0-1"]
[WhiteElo "1600"]
[BlackElo "2071"]
[PlyCount "67"]
[EventDate "2007.01.23"]
[EventType "swiss"]
[EventRounds "5"]
[EventCountry "GGB"]
[SourceTitle "BritBase"]
[Source "www.saund.co.uk"]
[SourceDate "2018.02.10"]
[SourceVersion "1"]
[SourceVersionDate "2018.02.10"]
[SourceQuality "1"]

1. e4 e6 2. d4 d5 3. Nc3 Nf6 4. Bg5 dxe4 5. Nxe4 Nbd7 6. Nf3 h6 7. Bh4 Be7 8.
Ned2 c5 9. c3 O-O 10. Bd3 cxd4 11. cxd4 b6 12. O-O Bb7 13. Rc1 Rc8 14. Nc4 Rc6
15. Bg3 Qa8 16. a4 Rd8 17. b3 Nd5 18. Qe2 N7f6 19. Nfe5 Rcc8 20. Rfe1 Rf8 21.
Nxf7 Rxf7 22. Bg6 Rff8 23. Qxe6+ Kh8 24. Ne5 Bb4 25. Bb1 g5 26. Ng6+ Kg7 27.
Nxf8 Rxf8 28. Qf5 Rf7 29. Qg6+ Kf8 30. Qxh6+ Rg7 31. Re6 Ng8 32. Qh3 Nf4 33.
Qf5+ Rf7 34. Qxg5 0-1

[Event "Gibtelecom ChallWk1 5th"]
[Site "Gibraltar"]
[Date "2007.01.24"]
[Round "2.1"]
[White "Vinas Guerrero, Carlos A"]
[Black "Menon, Shanker"]
[Result "0-1"]
[WhiteElo "2124"]
[BlackElo "2194"]
[PlyCount "113"]
[EventDate "2007.01.23"]
[EventType "swiss"]
[EventRounds "5"]
[EventCountry "GGB"]
[SourceTitle "BritBase"]
[Source "www.saund.co.uk"]
[SourceDate "2018.02.10"]
[SourceVersion "1"]
[SourceVersionDate "2018.02.10"]
[SourceQuality "1"]

1. e4 c5 2. c3 d5 3. exd5 Qxd5 4. d4 Nc6 5. Nf3 Bg4 6. Be2 e6 7. h3 Bh5 8. O-O
cxd4 9. cxd4 Bb4 10. a3 Ba5 11. Nc3 Bxc3 12. bxc3 Nge7 13. Rb1 Qd7 14. Qb3 Bxf3
15. Bxf3 b6 16. Bg5 Rc8 17. Rbc1 Na5 18. Qa2 f6 19. Bh5+ Kf8 20. Be3 Nc4 21.
Be2 Qc6 22. a4 Nd5 23. Bf3 Kf7 24. Qb3 a6 25. Rc2 Rhd8 26. Bc1 Rd7 27. Rd1 Rb7
28. Qa2 b5 29. axb5 Rxb5 30. Be2 a5 31. Bxc4 Qxc4 32. Qxc4 Rxc4 33. Bd2 a4 34.
Ra1 Rb3 35. Rca2 Nb6 36. Ra3 Rb2 37. R1a2 Rb1+ 38. Kh2 Ke7 39. Ra1 Rb2 40. R1a2
Rb5 41. Kg3 Kd6 42. Kf3 Kd5 43. Ke2 Rc7 44. Bf4 Ra7 45. Bb8 Rb7 46. Bf4 Kc4 47.
Bd6 Rb3 48. Bb4 Kb5 49. Bc5 Rxa3 50. Rxa3 Nc4 51. Ra2 Rb8 52. Kd3 Ra8 53. Ba3
Na5 54. Rb2+ Nb3 55. Re2 Re8 56. d5 e5 57. f4 {remaining moves illegible} 0-1